000 00347nam a2200145Ia 4500
008 230917s9999||||xx |||||||||||||| ||und||
040 _e195229
_aMAIN
041 _aEnglish
082 _a824.09 Y85V
100 _aYoung, G M
245 0 _aVictorian essays
260 _aLondon
_bOxford University Press
_c1962
300 _a216 p.
942 _cBK
999 _c187146
_d187146